00357nam a2200133Ia 4500003000400000008004100004040001600045082001500061100001800076245006800094260003000162300001100192650002000203GCL140319s9999 xx 000 0 eng d aGCL / cGCL04a006.5bc s1 aCLARKE, DAVID10aSHAREWARE TREASURE CHEST: WINDOWS SOUND BYTES / cCLARKE, DAVID a[S.N] : bSYBEX ، c1993 a51 P P04aCOMPUTER PROGRM